Problem of Hindi; (Record no. 72356)

MARC details
000 -LEADER
fixed length control field 00682cam a22002411 4500
001 - CONTROL NUMBER
control field sa 67001071
003 - CONTROL NUMBER IDENTIFIER
control field DLC
005 - DATE AND TIME OF LATEST TRANSACTION
control field 20260227112319.0
008 - FIXED-LENGTH DATA ELEMENTS--GENERAL INFORMATION
fixed length control field 800612s1965 ii b 000 0 eng
010 ## - LIBRARY OF CONGRESS CONTROL NUMBER
LC control number sa 67001071
035 ## - SYSTEM CONTROL NUMBER
System control number (OCoLC)6410333
040 ## - CATALOGING SOURCE
Original cataloging agency DLC
Transcribing agency NOsU
Modifying agency DLC
042 ## - AUTHENTICATION CODE
Authentication code premarc
050 00 - LIBRARY OF CONGRESS CALL NUMBER
Classification number JQ220.L3
Item number M32
100 1# - MAIN ENTRY--PERSONAL NAME
Personal name Majumdar, Asoke Kumar,
Dates associated with a name 1916-
245 10 - TITLE STATEMENT
Title Problem of Hindi;
Remainder of title a study,
Statement of responsibility, etc. by A. K. Majumdar.
260 ## - PUBLICATION, DISTRIBUTION, ETC.
Place of publication, distribution, etc. Bombay,
Name of publisher, distributor, etc. Bharatiya Vidya Bhavan,
Date of publication, distribution, etc. 1965.
300 ## - PHYSICAL DESCRIPTION
Extent xiii, 165 p.
Dimensions 19 cm.
440 #0 - SERIES STATEMENT/ADDED ENTRY--TITLE
Title Bhavan's book university,
Volume/sequential designation 133
504 ## - BIBLIOGRAPHY, ETC. NOTE
Bibliography, etc. note Bibliographical footnotes.
651 #0 - SUBJECT ADDED ENTRY--GEOGRAPHIC NAME
Geographic name India
General subdivision Languages.
650 #0 - SUBJECT ADDED ENTRY--TOPICAL TERM
Topical term or geographic name entry element Hindi language.

No items available.

Powered by Koha